000 00478nam a2200157Ia 4500
008 210210b1991 xxu||||| |||| 00| 0 eng d
082 _a510.2465 GHOB
100 _aGHOSH (Ramkrishna) & SAHA (Suranjan).
245 _aBusiness mathematics and statistics. Book I. Ed.6
250 _a
260 _aCalcutta
_bCentral Educational Enterprises
_c1991
300 _a404,xl
650 _aBusiness mathematics business statistics
690 _aBusiness Mathematics
906 _a047583
999 _c96739
_d96739